000 00572nam a2200193Ii 4500
003 JO-AjNU
008 230605s9999||||xx |||||||||||||| ||und||
040 _aJO-AjNU
_bara
_erda
_cJO-AjNU
041 _aara
050 1 4 _aRB111 2003
100 3 _aبيترسن ، رونالد,
_eauthor
_97356
245 0 0 _aحول داء الزهايمر
264 3 1 _aالدار العربية للعلوم ، 2003
300 _a220ص
336 _atext
_btxt
_2rdacontent
337 _aunmediated
_bn
_2rdamedia
338 _avolume
_bnc
_2rdacarrier
650 4 _aالزهايمر
_97357
999 _aA238
_c3806
_d3806